000 00719nam a22002177a 4500
003 UA-OsUOA
001 41597
007 ta
008 20061003b un ||||| |||| 00| 0 ukr d
090 _a321.7
_bМ54
942 _cBK
040 _aUA-OsUOA
_bukr
_cUA-OsUOA
_dUA-OsUOA
245 _aМетодичні матеріали з експериментального викладання дисципліни "Основи демократії"
_cТягало О. В.
300 _a116 с.
955 _a2
041 _aukr
080 _a321.7
260 _aК.
_c2003
650 7 _a321 Форми політичних організацій. Держави як політичні влади
_2UDC
999 _c327738
_d327738